Moby Dick (Registo nº 75949)

Detalhes MARC
000 -Etiqueta do registo
campo de controlo de comprimento fixo 00600 2200193 4500
001 - Identificador do registo
Campo de controlo 75949
005 - Identificador da versão
Campo de controlo 20260318113350.0
100 ## - Dados Gerais de Proc.
Dados gerais de processamento 20260318d1975 a||y0pory50 ba
101 0# - Língua da publicação
Língua do texto, banda sonora, etc. Português
102 ## - País de Publicação
País de publicação Portugal
200 1# - Título
Título próprio Moby Dick
Primeira menção de responsabilidade Herman Melville
Outras menções de responsabilidade ilust. de Balter
-- trad. Maria de Lourdes, Gian Faroppa
210 ## - Publicação, Distribuição
Lugar da edição, distribuição, etc. Queluz de Baixo
Nome do editor, distribuidor, etc. Didática ed.
Data da publicação, distribuição, etc. 1975
215 ## - Descrição física
Descrição física 58, [2] p.
Outras indicações físicas il.
225 2# - Colecção
Título próprio da colecção Aventura
Informação de outro título da colecção as mais célebres obras da literatura juvenil
Indicação de volume 3
606 ## - Nome comum
Elemento de entrada Literatura juvenil
Koha Internal code 2126
675 ## - CDU
Notação 821.111-311.3
Edição BN
Língua da edição Português
700 ## - Responsabilidade principal
Palavra de ordem Melville
Outra parte do nome Herman
Datas 1819-1891
Koha Internal Code 31344
090 ## - Números de controlo do sistema (Koha)
Número biblioitem do Koha (gerado automaticamente) 75949
942 ## - Elementos de entrada adicionados (Koha)
Tipo de item no Koha Monografias
Suprimido Disponível no OPAC
Exemplares
Removido (estado) Perdido (estado) Data de aquisição Origem do registo (biblioteca) (codificado) Código da organização que empresta ou é detentora (biblioteca) Código de barras Número de inventário Cota Tipo de circulação (não pode ser emprestado) Tipo de item e material
Disponível Disponível 2026-03-18 Biblioteca EB23 D. Paio Peres Correia Biblioteca EB23 D. Paio Peres Correia BEDPPC10691 10691 82.03-31MEL Normal Monografias